| 000 | 00481nam a2200157 4500 | ||
|---|---|---|---|
| 001 | 140413 | ||
| 003 | ES-MaACL | ||
| 005 | 20230906200055.0 | ||
| 007 | t| | ||
| 008 | 070214s1958 sp r ||||1| spa d | ||
| 100 | 1 |
_aSegura Covarsí, Enrique. _9105216 |
|
| 245 | 1 | 3 |
_aEl Plateresco en la Literatura extremeña / _cE. Segura Covarsí. |
| 260 |
_aBadajoz : _b[s. n.], _c1958 ( _fImp. Diputación Provincial) |
||
| 300 |
_a21 p. ; _c25 cm. |
||
| 852 |
_aES-MaACL _j2001-F-22 _bR.42268 |
||
| 999 |
_c140413 _d140413 |
||